00730cam a2200205Mu 450000500170000000800410001702000180005803500210007604000500009704100080014724500700015526000610022530000370028650400530032365000160037665000290039265000390042170000320046070000320049220150413091007.0150413s2011 xxua fr 001 0 eng d a9780415632249 a(OCoLC)871224504 aCO-BoUCMbspacJose A. GerenadJose A. Gerena aeng00aAnalysing Media Discoursesceditado por John E. Richardson, Josep aHoboken (Nueva Jersey, Estados Unidos) bRoutledgec2011 avi, 119 páginasbilustraciones aIncluye referencias bibliográficas e índices 7aPeriodismo  7aAnálisis del discurso  7aMedios de comunicación de masas 1 aRichardson, John E.eeditor1 aBurridge, Joseph D.eeditor